Текст томруулах:    
Public relations (Бичлэгийн дугаар. 145902)
000 -УДИРДЛАГА
Удирдлага 00785nam a22002897a 4500
003 - ХЯНАЛТЫН ТОО ТОДОРХОЙЛОГЧ
Код MN-UlNUM
005 - БИЧИЛТ ХИЙСЭН ОГНОО
Тухайн бичилтийг бичсэн засварласан сүүлийн огноо 20251211150120.0
008 - ЕРӨНХИЙ МЭДЭЭЛЭЛ
Ерөнхий мэдээлэл 251211s1956 ilu | 001 0 eng d
040 ## - БИЧЛЭГ ҮҮСГЭГЧ БАЙГУУЛЛАГА
Бичлэг үүсгэгч номын сангийн код МУИС-ийн номын сан
084 ## - ББК АНГИЛАЛ
Нэмэлт тусгалт Нэг сэдэвт бүтээл
ББК ангилал 65.290-2
Зохиогчийн гурван тэмдэгт C 19
Мэдлэгийн ялгаа 65 - Эдийн засаг
100 ## - ЗОХИОГЧ
Зохиогчийн нэр Canfield, Bertrand R
245 ## - ҮНДСЭН ГАРЧИГ
Номын нэр Public relations
Бага гарчгийн мэдээ Principles, cases, and problems
250 ## - ДАХИН ХЭВЛЭЛТ
Дахин гаралтын дугаар 3rd edition
260 ## - ГАРАЛТЫН МЭДЭЭ
Хэвлэгдсэн газар Homewood, IL
Хэвлэлийн газар Richard D. Irwin, INC.
Хэвлэгдсэн он 1960
300 ## - МАТЕРИАЛЫН ТОДОРХОЙЛОЛТ
хуудасны тоо 617 p.
500 ## - Тайлбар
Дансны дугаар БС 4321
546 ## - ХЭЛНИЙ ТУХАЙ МЭДЭЭ
Хэл Англи хэл дээр,
653 ## - Түлхүүр үг
Түлхүүр үг public relations
653 ## - Түлхүүр үг
Түлхүүр үг communication
653 ## - Түлхүүр үг
Түлхүүр үг communication
740 ## - НОМЫН ГАРЧИГ
Гарчиг What is public relations
740 ## - НОМЫН ГАРЧИГ
Гарчиг Public opinion
740 ## - НОМЫН ГАРЧИГ
Гарчиг Organization for public relations
740 ## - НОМЫН ГАРЧИГ
Гарчиг Employee relations
942 ## - ЭЛЕМЕНТИЙН ТӨРӨЛ
Зүйлийн төрөл Ном